000 00937cab a2200253 4500
001 WB3001-33
008 090401t1993 xxu||||| |||| 00| 0 eng d
035 _a(Sirsi) u42072
041 _aeng
245 _aPublican loses lease test case
260 _c1993
350 _a0
490 _aDaily Telegraph
_v22 December 1993, 16
490 _aTimes
_v22 December 1993, 5(1)
520 _aNorwich publican James Little has failed in his High Court test case over his claim for entitlement to exercise his option to renew his lease on the grounds that the tenant had failed to agree on a new business plan as required by original lease. Leave to appeal granted. (See also WB2945-34)
650 _aBEER ORDERS
650 _aINNTREPRENEUR ESTATES
650 _aPUB LEASES
650 _aRENEWAL OF ORIGINAL LEASE
650 _aTEST CASE
690 _aLANDLORD AND TENANT-BUSINESS TENANCIES
942 _n0
948 _c04/03/1997
999 _c27025
_d27025